Computer-aided Assembly Planning /

Saved in:
Bibliographic Details
Main Author: Delchambre, A (Author)
Format: Book
Language:English
Published: London : Chapman and Hall, 1992
Subjects:
Tags: Add Tag
No Tags, Be the first to tag this record!

MARC

LEADER 00000nam a22000003a 4500
001 stu42485
005 20150617225719.8
008 940412s1992----uk------------------eng-d
020 |a 0-412-43170-X 
040 |a STU  |b slo 
041 0 |a eng 
044 |a uk 
080 |a 519.711 
100 1 |a Delchambre, A  |4 aut 
245 1 |a Computer-aided Assembly Planning /  |c [aut.]A. Delchambre 
260 |a London :  |b Chapman and Hall,  |c 1992 
300 |a 276 s 
650 7 |a modelovanie  |2 stusub 
650 7 |a CAPP  |2 stusub 
996 |b 284M030852  |c M*8523-1  |l MMKN  |s A  |a 24  |w stu42485_0001